000 00546cam a22001932 4500
001 0000002824
005 20151217151905.0
008 070420s xx 000 0 eng d
020 _a0842335595 :
_cKES 190 (don.)
040 _aKABU
_cKABU
050 0 _aPS3551
_b.I339M34 2000
100 1 _aAiken, Ginny.
_@0000152335
245 1 0 _aMagnolia /
_cGinny Aiken.
260 _aWheaton, Illinois :
_bTyndale,
_c2000.
300 _a280 p. ;
_c21 cm.
908 _a070420
950 _@1
999 _c6036
_d6036